Les produits Apple - Statistiques

Statistiques générales
  • Ce quiz a été pris 83 fois
  • Le résultat moyen est 5 sur 18
Statistiques - réponses
Par images Hint Réponse % Correct
2007 iPhone
94%
2010 iPad
91%
2008 Macbook Pro (Alu)
89%
2001 iPod
76%
2015 iWatch
31%
1998 iMac
29%
1984 Macintosh
24%
2005 Mac Mini
24%
2013 Mac Pro
16%
1977 Apple II
13%
1976 Apple I
11%
1983 Lisa
11%
1980 Apple III
9%
1994 Newton
7%
1991 Powerbook
6%
1999 PowerMac G3
6%
2000 PowerMac G4 Cube
4%
1984 Apple IIc
3%
Aucun quiz correspondant
Distribution des résultats
% des personnes avec chaque résultat
Percentile par nombre de réponses
Votre historique - résultats
Vous n’avez pas pris ce quiz